<?xml version="1.0" encoding="UTF-8"?>
<record
    xmlns:xsi="http://www.w3.org/2001/XMLSchema-instance"
    xsi:schemaLocation="http://www.loc.gov/MARC21/slim http://www.loc.gov/standards/marcxml/schema/MARC21slim.xsd"
    xmlns="http://www.loc.gov/MARC21/slim">

  <leader>01956nam a2200313 a 4500</leader>
  <controlfield tag="001">000000434</controlfield>
  <controlfield tag="003">DO-SdBNP</controlfield>
  <controlfield tag="005">20220708103228.0</controlfield>
  <controlfield tag="007">000000434</controlfield>
  <controlfield tag="008">081124s2002  cu a 001 0 spa d</controlfield>
  <datafield tag="020" ind1=" " ind2=" ">
    <subfield code="a">9590807704</subfield>
  </datafield>
  <datafield tag="040" ind1=" " ind2=" ">
    <subfield code="a">BPMSU</subfield>
    <subfield code="b">spa</subfield>
    <subfield code="c">BPMSU</subfield>
  </datafield>
  <datafield tag="082" ind1=" " ind2=" ">
    <subfield code="a">Cu863.2</subfield>
    <subfield code="b">M378e 2005</subfield>
    <subfield code="2">22</subfield>
  </datafield>
  <datafield tag="100" ind1="1" ind2=" ">
    <subfield code="a">Mart&#xED;, Jos&#xE9;,</subfield>
    <subfield code="d">1853-1895</subfield>
  </datafield>
  <datafield tag="245" ind1="1" ind2="3">
    <subfield code="a">La edad de oro /</subfield>
    <subfield code="c">Jos&#xE9; Mart&#xED;.</subfield>
  </datafield>
  <datafield tag="250" ind1=" " ind2=" ">
    <subfield code="a">9 ed.</subfield>
  </datafield>
  <datafield tag="260" ind1=" " ind2=" ">
    <subfield code="a">La Habana, Cuba : </subfield>
    <subfield code="b">Gente Nueva, </subfield>
    <subfield code="c">2005.</subfield>
  </datafield>
  <datafield tag="300" ind1=" " ind2=" ">
    <subfield code="a">267 p. : </subfield>
    <subfield code="b">il. ;</subfield>
    <subfield code="c">20 cm.</subfield>
  </datafield>
  <datafield tag="490" ind1="1" ind2=" ">
    <subfield code="a">Biblioteca Escolar </subfield>
  </datafield>
  <datafield tag="500" ind1=" " ind2=" ">
    <subfield code="a">"Este libro est&#xE1; formado con los cuatro n&#xFA;meros de la revista La edad de oro, que Mart&#xED; escribi&#xF3; para los ni&#xF1;os de Am&#xE9;rica. La revista se public&#xF3; en Nueva York, en los meses de julio, agosto, septiembre y octubre del a&#xF1;o 1889. Los grabados son reproducci&#xF3;n de los originales de la revista."</subfield>
  </datafield>
  <datafield tag="505" ind1="0" ind2=" ">
    <subfield code="g">Primer n&#xFA;mero.</subfield>
    <subfield code="t">A los ni&#xF1;os que lean La Edad de Oro --</subfield>
    <subfield code="t">Tres h&#xE9;roes --</subfield>
    <subfield code="t">Dos milagros --</subfield>
    <subfield code="t">Me&#xF1;ique --</subfield>
    <subfield code="t">Cada uno a su oficio --</subfield>
    <subfield code="t">La Il&#xED;ada, de Homero --</subfield>
    <subfield code="t">Un juego nuevo y otros viejos --</subfield>
    <subfield code="t">Beb&#xE9; y el se&#xF1;or Don Pomposo --</subfield>
    <subfield code="t">La &#xFA;ltima p&#xE1;gina --</subfield>
    <subfield code="g">Segundo n&#xFA;mero.</subfield>
    <subfield code="t">La historia del hombre contada por sus casas --</subfield>
    <subfield code="t">Los dos pr&#xED;ncipes --</subfield>
    <subfield code="t">Nen&#xE9; traviesa --</subfield>
    <subfield code="t">La perla de la mora --</subfield>
    <subfield code="t">Las ruinas indias --</subfield>
    <subfield code="t">M&#xFA;sicos, poetas y pintores --</subfield>
    <subfield code="t">La &#xFA;ltima p&#xE1;gina --</subfield>
    <subfield code="g">Tercer n&#xFA;mero.</subfield>
    <subfield code="t">La exposici&#xF3;n de Par&#xED;s --</subfield>
    <subfield code="t">El camar&#xF3;n encantado --</subfield>
    <subfield code="t">El padre las Casas --</subfield>
    <subfield code="t">Los zapaticos de rosa --</subfield>
    <subfield code="t">La &#xFA;ltima p&#xE1;gina --</subfield>
    <subfield code="g">Cuarto n&#xFA;mero.</subfield>
    <subfield code="t">Un paseo por la tierra de los anamitas --</subfield>
    <subfield code="t">Historia de la cuchara y el tenedor --</subfield>
    <subfield code="t">La mu&#xF1;eca negra --</subfield>
    <subfield code="t">Cuentos de elefantes --</subfield>
    <subfield code="t">Los dos ruise&#xF1;ores --</subfield>
    <subfield code="t">La galer&#xED;a de las m&#xE1;quinas --</subfield>
    <subfield code="t">La &#xFA;ltima p&#xE1;gina.</subfield>
  </datafield>
  <datafield tag="650" ind1=" " ind2="4">
    <subfield code="a">Cuentos juveniles  cubanos </subfield>
  </datafield>
  <datafield tag="650" ind1=" " ind2="4">
    <subfield code="a"> Libros de lectura para j&#xF3;venes </subfield>
  </datafield>
  <datafield tag="650" ind1=" " ind2="4">
    <subfield code="a">F&#xE1;bulas</subfield>
    <subfield code="v">Colecciones.</subfield>
  </datafield>
  <datafield tag="650" ind1=" " ind2="4">
    <subfield code="a">Literatura  juvenil cubana </subfield>
  </datafield>
  <datafield tag="830" ind1=" " ind2="0">
    <subfield code="a">Biblioteca Escolar </subfield>
  </datafield>
  <datafield tag="910" ind1=" " ind2=" ">
    <subfield code="a">VMateo V</subfield>
  </datafield>
  <datafield tag="942" ind1=" " ind2=" ">
    <subfield code="2">ddc</subfield>
    <subfield code="c">BK</subfield>
  </datafield>
  <datafield tag="952" ind1=" " ind2=" ">
    <subfield code="0">0</subfield>
    <subfield code="1">0</subfield>
    <subfield code="2">ddc</subfield>
    <subfield code="4">0</subfield>
    <subfield code="7">0</subfield>
    <subfield code="8">CG</subfield>
    <subfield code="a">BPMET</subfield>
    <subfield code="b">BPMET</subfield>
    <subfield code="d">2016-08-02</subfield>
    <subfield code="e">Compra</subfield>
    <subfield code="o">BPMSU CG Cu863.2 M378e 2005</subfield>
    <subfield code="p">BPMSU16080016</subfield>
    <subfield code="r">2016-08-02</subfield>
    <subfield code="w">2016-08-02</subfield>
    <subfield code="y">BK</subfield>
  </datafield>
  <datafield tag="999" ind1=" " ind2=" ">
    <subfield code="c">11072</subfield>
    <subfield code="d">11072</subfield>
  </datafield>
</record>
